[Event "GER-ch U18"]
[Site "Willingen"]
[Date "2025.06.10"]
[Round "4"]
[White "Englert, Luca"]
[Black "Beyer, Lorenz"]
[Result "1-0"]
[WhiteElo "2333"]
[BlackElo "2226"]
[PlyCount "93"]
[EventDate "2025.06.08"]
[EventType "swiss"]
[EventRounds "9"]
[EventCountry "GER"]
[SourceTitle "CB26_2025"]
[SourceDate "2025.06.25"]
[SourceVersion "1"]
[SourceVersionDate "2025.06.25"]
[SourceQuality "1"]

1. c4 e6 2. Nc3 d5 3. d4 Nf6 4. cxd5 exd5 5. Bg5 Be7 6. e3 c6 7. Bd3 0-0 8. Qc2 h6 9. Bf4 Re8 10. Nf3 Bf8 11. h3 a5 12. 0-0 Na6 13. a3 Nc7 14. Ne5 Ne6 15. Bh2 Ng5 16. Kh1 Bd7 17. Na4 Bc8 18. Rab1 Nd7 19. b4 axb4 20. axb4 Nxe5 21. Bxe5 Bd6 22. Bxd6 Qxd6 23. b5 Bxh3 24. f4 Ne4 25. Bxe4 Rxe4 26. gxh3 Rxe3 27. bxc6 bxc6 28. Rb3 Qe6 29. f5 Qe7 30. f6 Qe6 31. Qg2 g6 32. Nc5 Qe8 33. Qd2 Rxb3 34. Qxh6 Rxh3+ 35. Qxh3 Qe2 36. Qf3 Qd2 37. Qf4 Qe2 38. Qf3 Qd2 39. Qf4 Qe2 40. Rb1 Qh5+ 41. Kg1 Re8 42. Nd7 Qh7 43. Ne5 Qh3 44. Nf3 Qh5 45. Re1 Qh1+ 46. Kf2 Qh5 47. Kg3 1-0

[Event "Titled Tuesday intern op 01st Apr Early"]
[Site "Chess.com INT"]
[Date "2025.04.01"]
[Round "11"]
[White "Lukachewski Junior, Wanderlei"]
[Black "Englert, Luca"]
[Result "0-1"]
[WhiteElo "2049"]
[BlackElo "2333"]
[PlyCount "104"]
[EventDate "2025.04.01"]
[EventType "swiss (blitz)"]
[EventRounds "11"]
[EventCountry "USA"]
[SourceTitle "CB15_2025"]
[SourceDate "2025.04.09"]
[SourceVersion "1"]
[SourceVersionDate "2025.04.09"]
[SourceQuality "1"]

1. d4 d5 2. c4 dxc4 3. e4 e5 4. Nf3 exd4 5. Bxc4 Nc6 6. 0-0 Be6 7. Bb5 Bc5 8. b4 Bb6 9. a4 a6 10. Bxc6+ bxc6 11. a5 Ba7 12. Nbd2 Nf6 13. Re1 0-0 14. Nb3 Bxb3 15. Qxb3 Re8 16. e5 Nd5 17. Bg5 Qd7 18. Qc4 Rab8 19. Rab1 Nc3 20. Rb3 Nb5 21. Rc1 Qd5 22. Rd3 h6 23. Bf4 Nc3 24. Qxd5 cxd5 25. Kf1 Rxb4 26. Bd2 Rc4 27. Bxc3 dxc3 28. Rxd5 Rb8 29. Rd3 c2 30. Ke2 Rb1 31. Kd2 Rxc1 32. Kxc1 Bxf2 33. Nd2 Rc6 34. Rb3 Bd4 35. Nf3 Bc3 36. Kxc2 Bxa5+ 37. Kd3 g6 38. Ke4 Bb6 39. Ra3 a5 40. Kd5 Rc2 41. g3 Rc5+ 42. Ke4 Kg7 43. Rd3 a4 44. Ra3 Ra5 45. Kd3 Bc5 46. Ra2 a3 47. Kc4 Be7 48. Nd4 Rc5+ 49. Kd3 Rxe5 50. Nc2 Rd5+ 51. Ke4 Rd2 52. Nb4 Bxb4 0-1

[Event "Titled Tuesday intern op 01st Apr Early"]
[Site "Chess.com INT"]
[Date "2025.04.01"]
[Round "3"]
[White "Tanriverdi, Enes"]
[Black "Englert, Luca"]
[Result "1-0"]
[WhiteElo "2388"]
[BlackElo "2333"]
[PlyCount "59"]
[EventDate "2025.04.01"]
[EventType "swiss (blitz)"]
[EventRounds "11"]
[EventCountry "USA"]
[SourceTitle "CB15_2025"]
[SourceDate "2025.04.09"]
[SourceVersion "1"]
[SourceVersionDate "2025.04.09"]
[SourceQuality "1"]

1. d4 d5 2. c4 dxc4 3. e3 e5 4. Bxc4 exd4 5. exd4 Nf6 6. Nf3 Bd6 7. Qe2+ Be7 8. 0-0 0-0 9. Rd1 Bg4 10. h3 Bh5 11. Nc3 Re8 12. Be3 Nc6 13. g4 Bg6 14. Ne5 Bd6 15. f4 Ne4 16. Nxe4 Bxe4 17. Nxf7 Qh4 18. Nxd6+ Kh8 19. Nf7+ Kg8 20. Kh2 Na5 21. Ne5+ Kh8 22. Bd3 Bd5 23. Rac1 Nc6 24. Qf2 Qf6 25. g5 Qd6 26. Qh4 g6 27. Nxg6+ Kg8 28. Ne5 Nxe5 29. Qxh7+ Kf8 30. fxe5 1-0

[Event "Titled Tuesday intern op 25th Mar Early"]
[Site "Chess.com INT"]
[Date "2025.03.25"]
[Round "7"]
[White "Acarbay, Algi"]
[Black "Englert, Luca"]
[Result "0-1"]
[WhiteElo "2052"]
[BlackElo "2333"]
[PlyCount "132"]
[EventDate "2025.03.25"]
[EventType "swiss (blitz)"]
[EventRounds "11"]
[EventCountry "USA"]
[SourceTitle "CB14_2025"]
[SourceDate "2024.11.01"]
[SourceVersion "1"]
[SourceVersionDate "2024.11.01"]
[SourceQuality "1"]

1. e4 c5 2. d4 cxd4 3. c3 d5 4. exd5 Qxd5 5. cxd4 Nc6 6. Nc3 Qxd4 7. Qb3 Nf6 8. Nf3 Qb4 9. Qc2 g6 10. a3 Qa5 11. b4 Nxb4 12. axb4 Qxa1 13. Bb5+ Bd7 14. 0-0 Rc8 15. Bb2 Qa2 16. Bxd7+ Nxd7 17. Qd2 Qa6 18. Rd1 Qd6 19. Qe2 Qe6 20. Ne4 Rg8 21. Nd4 Qb6 22. Nb5 Rc6 23. Ned6+ Kd8 24. Nxf7+ Kc8 25. Qd2 Qxb5 26. Qxd7+ Kb8 27. Qd8+ Rc8 28. Be5+ Qxe5 29. Nxe5 Rxd8 30. Rxd8+ Kc7 31. Rd7+ Kc8 32. Rd4 Bg7 33. Rc4+ Kd8 34. Nf3 Bf6 35. h3 Kd7 36. Nd4 Rc8 37. Rxc8 Kxc8 38. Ne6 Kd7 39. Nf4 Kc6 40. Nd3 Kb5 41. f3 Kc4 42. Nc1 Kxb4 43. Ne2 Kc5 44. Kf1 a6 45. Ke1 a5 46. Kd2 Kc4 47. Kc2 a4 48. Nc1 b5 49. Na2 b4 50. Nc1 b3+ 51. Kb1 a3 52. f4 a2+ 53. Nxa2 bxa2+ 54. Kxa2 Kd3 55. g4 Ke4 56. f5 Kf4 57. fxg6 hxg6 58. g5 Kxg5 59. Kb3 Kh4 60. Kc4 Kxh3 61. Kd3 g5 62. Ke4 g4 63. Kf4 g3 64. Kf3 g2 65. Ke4 Kh2 66. Kf5 g1Q 0-1

[Event "Titled Tuesday intern op 25th Mar Early"]
[Site "Chess.com INT"]
[Date "2025.03.25"]
[Round "1"]
[White "Amangeldy, Ernur"]
[Black "Englert, Luca"]
[Result "0-1"]
[WhiteElo "2288"]
[BlackElo "2333"]
[PlyCount "78"]
[EventDate "2025.03.25"]
[EventType "swiss (blitz)"]
[EventRounds "11"]
[EventCountry "USA"]
[SourceTitle "CB14_2025"]
[SourceDate "2024.11.01"]
[SourceVersion "1"]
[SourceVersionDate "2024.11.01"]
[SourceQuality "1"]

1. d4 d5 2. Nc3 Nf6 3. Bf4 e6 4. Nb5 Na6 5. e3 c5 6. Nf3 Be7 7. Be2 0-0 8. 0-0 Bd7 9. a4 Nb4 10. Ne5 Be8 11. c3 Nc6 12. Bf3 a6 13. Na3 Nxe5 14. Bxe5 Bc6 15. Nb1 Nd7 16. Bg3 b5 17. axb5 Bxb5 18. Re1 Qb6 19. Nd2 Bd3 20. Ra2 c4 21. e4 dxe4 22. Nxe4 Rac8 23. Qa1 Nb8 24. h3 h6 25. Bf4 Rfd8 26. Be3 Qb5 27. Ra5 Qd7 28. Bf4 Qa7 29. Be3 Qd7 30. Qc1 Re8 31. Rh5 Nc6 32. Bxh6 g6 33. Rg5 Bxe4 34. Bxe4 Bxg5 35. Bxg5 Ne7 36. Bf6 Nf5 37. Bxf5 exf5 38. Qh6 Rxe1+ 39. Kh2 Qd6+ 0-1

[Event "Titled Tuesday intern op 25th Mar Early"]
[Site "Chess.com INT"]
[Date "2025.03.25"]
[Round "6"]
[White "Englert, Luca"]
[Black "Abdsattar, Alisher"]
[Result "0-1"]
[WhiteElo "2333"]
[BlackElo "2142"]
[PlyCount "76"]
[EventDate "2025.03.25"]
[EventType "swiss (blitz)"]
[EventRounds "11"]
[EventCountry "USA"]
[SourceTitle "CB14_2025"]
[SourceDate "2024.11.01"]
[SourceVersion "1"]
[SourceVersionDate "2024.11.01"]
[SourceQuality "1"]

1. c4 e5 2. Nc3 Nf6 3. g3 d5 4. cxd5 Nxd5 5. Bg2 Be6 6. Nf3 Nc6 7. 0-0 Be7 8. d3 Qd7 9. Qa4 f6 10. Bd2 0-0 11. Rac1 Nxc3 12. Bxc3 Nd4 13. Qd1 Bxa2 14. Nd2 Bd5 15. e4 Be6 16. f4 Bg4 17. Nf3 Nxf3+ 18. Bxf3 Bxf3 19. Qxf3 Rad8 20. Rcd1 Bc5+ 21. Kg2 Bd4 22. h4 Qb5 23. h5 h6 24. Qg4 Bxc3 25. bxc3 Rxd3 26. Rxd3 Qxd3 27. fxe5 Qxc3 28. exf6 Rxf6 29. Rxf6 Qxf6 30. Qc8+ Kh7 31. Qxb7 Qe5 32. Kf3 a5 33. g4 a4 34. Qa6 Qf6+ 35. Qxf6 gxf6 36. Ke2 a3 37. Kd2 a2 38. Kc2 a1Q 0-1

[Event "Titled Tuesday intern op 25th Mar Early"]
[Site "Chess.com INT"]
[Date "2025.03.25"]
[Round "9"]
[White "Englert, Luca"]
[Black "Budrewicz, Krzysztof"]
[Result "1-0"]
[WhiteElo "2333"]
[BlackElo "2185"]
[PlyCount "81"]
[EventDate "2025.03.25"]
[EventType "swiss (blitz)"]
[EventRounds "11"]
[EventCountry "USA"]
[SourceTitle "CB14_2025"]
[SourceDate "2024.11.01"]
[SourceVersion "1"]
[SourceVersionDate "2024.11.01"]
[SourceQuality "1"]

1. e4 e5 2. Nf3 Nc6 3. Bc4 Be7 4. 0-0 Nf6 5. Re1 0-0 6. c3 d6 7. d4 Bg4 8. d5 Nb8 9. h3 Bh5 10. Nbd2 Nbd7 11. Nf1 Nc5 12. Ng3 Bg6 13. Qe2 Ncxe4 14. Nxe4 Nxe4 15. Bd3 Nf6 16. Bc4 Nd7 17. Be3 f5 18. Rad1 f4 19. Bc1 Nf6 20. Ng5 Bf5 21. Bxf4 h6 22. Nf3 exf4 23. Qxe7 Qxe7 24. Rxe7 Rf7 25. Rde1 Raf8 26. Nd4 Bd7 27. f3 Rxe7 28. Rxe7 Rf7 29. Re1 Kf8 30. Kf2 Re7 31. Rxe7 Kxe7 32. Ne2 g5 33. Nd4 a6 34. h4 b5 35. Bb3 Nh5 36. hxg5 hxg5 37. Bc2 Kf6 38. Be4 Ke5 39. Nc2 Nf6 40. Nb4 a5 41. Nd3# 1-0

[Event "Titled Tuesday intern op 11th Mar Late"]
[Site "Chess.com INT"]
[Date "2025.03.11"]
[Round "3"]
[White "Alazmi, Amani"]
[Black "Englert, Luca"]
[Result "0-1"]
[WhiteElo "1740"]
[BlackElo "2333"]
[PlyCount "38"]
[EventDate "2025.03.11"]
[EventType "swiss (blitz)"]
[EventRounds "11"]
[EventCountry "USA"]
[SourceTitle "CB12_2025"]
[SourceDate "2025.03.19"]
[SourceVersion "1"]
[SourceVersionDate "2025.03.19"]
[SourceQuality "1"]

1. d4 d5 2. Bf4 Nf6 3. e3 e6 4. Nf3 c5 5. c3 Bd6 6. Bg3 Qc7 7. Nbd2 Nbd7 8. Bd3 0-0 9. 0-0 e5 10. dxe5 Nxe5 11. Nxe5 Bxe5 12. Rc1 Rd8 13. Nf3 Bxg3 14. hxg3 h6 15. Bb1 b6 16. Qc2 Bg4 17. Nh2 Bh5 18. Qd1 Bxd1 19. Rcxd1 a5 0-1

[Event "Kiel op 36th"]
[Site "Kiel"]
[Date "2024.08.01"]
[Round "8"]
[White "Englert, Luca"]
[Black "Schulz, Michael"]
[Result "0-1"]
[WhiteElo "2174"]
[BlackElo "2109"]
[PlyCount "116"]
[EventDate "2024.07.27"]
[EventType "swiss"]
[EventRounds "9"]
[EventCountry "GER"]
[SourceTitle "EXT 2025"]
[Source "ChessBase"]
[SourceDate "2024.10.14"]
[SourceVersion "1"]
[SourceVersionDate "2024.10.14"]
[SourceQuality "1"]

1. e4 c5 2. Nf3 Nc6 3. d4 cxd4 4. Nxd4 g6 5. c4 Bg7 6. Be3 d6 7. Nc3 Nf6 8. Be2 0-0 9. 0-0 Bd7 10. f3 Nxd4 11. Bxd4 Bc6 12. Qd2 Nd7 13. Be3 b6 14. b4 a5 15. a3 Qc7 16. Rab1 axb4 17. axb4 Ra3 18. Rfc1 Rfa8 19. Bf1 h5 20. Nd5 Qd8 21. Bg5 Bxd5 22. cxd5 Ne5 23. Kh1 Kh7 24. h3 Ra2 25. Qd1 b5 26. Bxb5 Qb6 27. Bf1 f6 28. Bf4 Bh6 29. Bxh6 Kxh6 30. f4 Nf7 31. Rc6 Qe3 32. Qf3 Qa7 33. b5 Rf2 34. Qg3 Qa2 35. Ra1 Qxa1 36. Qxf2 Ra2 37. Qf3 Rb2 38. b6 Rb1 39. Kg1 Qd4+ 40. Kh2 Qa1 41. Bd3 Rh1+ 42. Kg3 g5 43. Rc2 Qg1 44. Qf2 Qh2+ 45. Kf3 gxf4 46. g3 Ne5+ 47. Ke2 Qxf2+ 48. Kxf2 Nxd3+ 49. Ke2 Nc5 50. gxf4 Rxh3 51. e5 Rb3 52. Ra2 Rxb6 53. Ra8 fxe5 54. fxe5 dxe5 55. Rc8 Nd7 56. Kd3 Rd6 57. Re8 Nf6 58. Rf8 Kg7 0-1

[Event "Kiel op 36th"]
[Site "Kiel"]
[Date "2024.07.29"]
[Round "5"]
[White "Blietschau, Volker"]
[Black "Englert, Luca"]
[Result "0-1"]
[WhiteElo "1970"]
[BlackElo "2174"]
[PlyCount "94"]
[EventDate "2024.07.27"]
[EventType "swiss"]
[EventRounds "9"]
[EventCountry "GER"]
[SourceTitle "EXT 2025"]
[Source "ChessBase"]
[SourceDate "2024.10.14"]
[SourceVersion "1"]
[SourceVersionDate "2024.10.14"]
[SourceQuality "1"]

1. e4 c5 2. Nc3 a6 3. g3 b5 4. a4 b4 5. Nce2 Bb7 6. Bg2 e6 7. b3 d5 8. exd5 Bxd5 9. Nf4 Bxg2 10. Nxg2 Qd4 11. Ra2 Qe4+ 12. Kf1 Nc6 13. Qf3 Nf6 14. d3 Qxf3 15. Nxf3 Nd5 16. Bb2 Nc3 17. Ra1 g6 18. Bxc3 bxc3 19. Re1 Bg7 20. Ne3 0-0 21. Kg2 Bd4 22. Nc4 Rad8 23. g4 Nb4 24. Re2 f6 25. h4 Rde8 26. g5 fxg5 27. Nxg5 Nd5 28. Nh3 Rf6 29. Rhe1 Ref8 30. Rxe6 Nf4+ 31. Nxf4 Rxf4 32. R1e2 Rxf2+ 33. Kh1 Rf1+ 34. Kg2 R8f2+ 35. Kh3 Rf3+ 36. Kg2 R1f2+ 37. Rxf2 Rxf2+ 38. Kg3 Rxc2 39. h5 gxh5 40. Rxa6 h4+ 41. Kh3 Rc1 42. Ra8+ Kg7 43. Ra7+ Kg6 44. Na3 Rh1+ 45. Kg4 h5+ 46. Kf4 Rf1+ 47. Ke4 h3 0-1

[Event "Schwarzach op 37th"]
[Site "Schwarzach"]
[Date "2024.07.21"]
[Round "9"]
[White "Podravec, Kresimir"]
[Black "Englert, Luca"]
[Result "0-1"]
[WhiteElo "2082"]
[BlackElo "2174"]
[PlyCount "90"]
[EventDate "2024.07.14"]
[EventType "swiss"]
[EventRounds "9"]
[EventCountry "AUT"]
[SourceTitle "CBM 221 Extra"]
[Source "ChessBase"]
[SourceDate "2024.09.30"]
[SourceVersion "1"]
[SourceVersionDate "2024.09.30"]
[SourceQuality "1"]

1. e4 c5 2. c3 d5 3. exd5 Qxd5 4. d4 Nc6 5. Nf3 Bg4 6. Be2 cxd4 7. cxd4 e6 8. 0-0 Nf6 9. Be3 Bd6 10. h3 Bh5 11. Nc3 Qa5 12. a3 0-0 13. b4 Qd8 14. Qb3 h6 15. Rfd1 Ne7 16. g4 Bg6 17. Ne5 Nfd5 18. Nxd5 Nxd5 19. Bf3 Qh4 20. Kg2 Bxe5 21. dxe5 Rfd8 22. Rac1 h5 23. Rd4 Rd7 24. Rcd1 Rad8 25. Bc1 hxg4 26. Rxg4 Qh5 27. Re1 Ne7 28. Rg3 Qh7 29. Bg5 Rd3 30. Qc4 Rc8 31. Qb5 Nf5 32. Qxb7 Rdc3 33. Rg4 Bh5 34. Rc1 Qg6 35. Rxc3 Rxc3 36. Qa8+ Kh7 37. Bd8 Bxg4 38. hxg4 f6 39. Kf1 Rc1+ 40. Kg2 Nh4+ 41. Kh3 Nxf3 42. Qxf3 Qh6+ 43. Kg2 Qh1+ 44. Kg3 Rg1+ 45. Kf4 fxe5+ 0-1

[Event "GER-ch U18"]
[Site "Willingen"]
[Date "2024.05.22"]
[Round "6"]
[White "Prieb, Robert"]
[Black "Englert, Luca"]
[Result "1-0"]
[WhiteElo "2106"]
[BlackElo "2168"]
[PlyCount "103"]
[EventDate "2024.05.19"]
[EventType "swiss"]
[EventRounds "9"]
[EventCountry "GER"]
[SourceTitle "CBM 220 Extra"]
[Source "ChessBase"]
[SourceDate "2024.07.31"]
[SourceVersion "1"]
[SourceVersionDate "2024.07.31"]
[SourceQuality "1"]

1. d4 d5 2. Nf3 Nf6 3. c4 dxc4 4. e3 e6 5. Bxc4 c5 6. 0-0 a6 7. dxc5 Bxc5 8. a3 b5 9. Be2 Bb7 10. b4 Bb6 11. Bb2 0-0 12. Qxd8 Rxd8 13. Nbd2 Nbd7 14. Rac1 Rac8 15. Nb3 Ne4 16. Rfd1 Ndf6 17. Ne5 Kf8 18. Bf3 Rxd1+ 19. Bxd1 Rxc1 20. Nxc1 Ke7 21. Nb3 Bd5 22. Bd4 Bxb3 23. Bxb3 Bxd4 24. Nc6+ Kd6 25. Nxd4 Nd2 26. Bc2 Nd5 27. g4 Nc4 28. Bxh7 g6 29. g5 Nxa3 30. e4 Nf4 31. h4 Ke7 32. Kh2 Nd3 33. Nc6+ Kf8 34. h5 Kg7 35. Bxg6 fxg6 36. h6+ Kh8 37. Kg3 Nc4 38. f4 Nd2 39. e5 Kh7 40. Nd8 Nxb4 41. Nxe6 Nc6 42. Nf8+ Kg8 43. Nxg6 b4 44. f5 b3 45. f6 b2 46. Ne7+ Kh7 47. f7 b1Q 48. g6+ Qxg6+ 49. Nxg6 Ne4+ 50. Kg2 Kxh6 51. f8Q+ Kxg6 52. Qe8+ 1-0

[Event "GER-ch U18"]
[Site "Willingen"]
[Date "2024.05.19"]
[Round "2"]
[White "Englert, Luca"]
[Black "Sidletskyi, Ivan"]
[Result "0-1"]
[WhiteElo "2168"]
[BlackElo "2346"]
[PlyCount "88"]
[EventDate "2024.05.19"]
[EventType "swiss"]
[EventRounds "9"]
[EventCountry "GER"]
[SourceTitle "CBM 220 Extra"]
[Source "ChessBase"]
[SourceDate "2024.07.31"]
[SourceVersion "1"]
[SourceVersionDate "2024.07.31"]
[SourceQuality "1"]

1. e4 e6 2. d4 d5 3. Nd2 c5 4. exd5 Qxd5 5. Ngf3 cxd4 6. Bc4 Qd6 7. 0-0 Nf6 8. Nb3 Nc6 9. Nbxd4 Nxd4 10. Nxd4 Be7 11. c3 0-0 12. Qe2 Bd7 13. Bg5 Rac8 14. Bb3 Qc5 15. Be3 Qa5 16. Qf3 Bd6 17. Bc2 e5 18. Nb3 Qc7 19. h3 Bc6 20. Qg3 Ne4 21. Bxe4 Bxe4 22. Bxa7 b6 23. Qe3 Bxg2 24. Rfd1 Bc6 25. Bxb6 Qe7 26. Qg3 f5 27. c4 Rf6 28. Kf1 Rg6 29. Qe3 Bg2+ 30. Ke2 Rxc4 31. Nd2 Rb4 32. Ba5 Rd4 33. Rac1 Qa7 34. Rc8+ Bf8 35. Qc3 Qa6+ 36. Ke1 Bc6 37. Qb3+ Rd5 38. Rxf8+ Kxf8 39. Bb4+ Ke8 40. Nf3 Rxd1+ 41. Qxd1 Qc4 42. Ba3 Bxf3 43. Qxf3 Rg1+ 44. Kd2 Qc1+ 0-1

[Event "Itzehoe op 3rd"]
[Site "Itzehoe"]
[Date "2024.05.11"]
[Round "5"]
[White "Kuegel, Tobias"]
[Black "Englert, Luca"]
[Result "1-0"]
[WhiteElo "2424"]
[BlackElo "2168"]
[PlyCount "124"]
[EventDate "2024.05.09"]
[EventType "swiss"]
[EventRounds "7"]
[EventCountry "GER"]
[SourceTitle "CBM 220 Extra"]
[Source "ChessBase"]
[SourceDate "2024.07.31"]
[SourceVersion "1"]
[SourceVersionDate "2024.07.31"]
[SourceQuality "1"]

1. e4 c5 2. Nf3 d6 3. d4 cxd4 4. Qxd4 Nc6 5. Bb5 Bd7 6. Bxc6 Bxc6 7. Nc3 Nf6 8. Bg5 e6 9. 0-0-0 Be7 10. Rhe1 0-0 11. e5 dxe5 12. Nxe5 Qc7 13. Qc4 Rac8 14. Nxc6 Qxc6 15. Qxc6 Rxc6 16. Bxf6 Bxf6 17. Ne4 Be5 18. Rd7 Rfc8 19. c3 R6c7 20. Rxc7 Rxc7 21. g3 h6 22. f4 Bd4 23. Kc2 Bb6 24. b4 Rd7 25. a4 f5 26. a5 Bxa5 27. Nc5 Rd5 28. Nxb7 Bb6 29. Rxe6 Kf7 30. Re2 g5 31. fxg5 hxg5 32. c4 Rd7 33. Na5 Kf6 34. Nb3 Bg1 35. Nd2 f4 36. gxf4 gxf4 37. h3 Kf5 38. Re8 Be3 39. Rf8+ Ke6 40. Nf3 Rg7 41. Kd3 Rb7 42. Ng5+ Kd6 43. Ne4+ Ke7 44. Re8+ Kxe8 45. Nd6+ Ke7 46. Nxb7 Bc1 47. Na5 Ba3 48. b5 Kd6 49. Nb3 Ke5 50. Nd4 Bc5 51. Nf3+ Kf5 52. Nd2 Bg1 53. Ke2 Be3 54. Nf1 Bb6 55. Kf3 Ke5 56. Nd2 Kd4 57. h4 Kd3 58. h5 Bd4 59. h6 Be5 60. c5 Kd4 61. c6 Kc5 62. h7 Kd5 1-0

[Event "Oberliga Ost-A 2324"]
[Site "Germany"]
[Date "2024.04.13"]
[Round "10.1"]
[White "Englert, Luca"]
[Black "Spivak, Ilya"]
[Result "1-0"]
[WhiteElo "2121"]
[BlackElo "2304"]
[PlyCount "133"]
[EventDate "2023.10.22"]
[EventType "team-tourn"]
[EventRounds "11"]
[EventCountry "GER"]
[SourceTitle "EXT 2025"]
[Source "ChessBase"]
[SourceDate "2024.10.14"]
[SourceVersion "1"]
[SourceVersionDate "2024.10.14"]
[SourceQuality "1"]
[WhiteTeam "Leipzig VfB"]
[BlackTeam "Hoyerswerda"]
[WhiteTeamCountry "GER"]
[BlackTeamCountry "GER"]

1. e4 c5 2. Nf3 e6 3. c4 Nc6 4. Nc3 e5 5. Be2 d6 6. 0-0 f5 7. d3 Nf6 8. exf5 Bxf5 9. Ng5 Nd4 10. f4 Be7 11. Bf3 h6 12. Nge4 Qd7 13. fxe5 dxe5 14. Nxf6+ Bxf6 15. Bh5+ Kd8 16. Nd5 Rf8 17. Be3 Be6 18. Nxf6 Rxf6 19. Bxh6 Kc7 20. Bg5 Rf5 21. Qd2 b6 22. Bg6 Rff8 23. Rae1 Rxf1+ 24. Rxf1 Bf5 25. Bxf5 Nxf5 26. Qe2 Re8 27. Qe4 g6 28. Kh1 Qe6 29. g4 Nd6 30. Qd5 Qxg4 31. Rf6 Qd1+ 32. Kg2 Qg4+ 33. Kf2 Qd7 34. Ke1 Re7 35. Rxg6 Rg7 36. Rxg7 Qxg7 37. h4 Kd7 38. Qa8 Ke6 39. Kd2 e4 40. Qd5+ Kd7 41. Kc2 exd3+ 42. Qxd3 Qe5 43. b3 a6 44. Qe3 Qa1 45. Qe7+ Kc6 46. Qf6 Qxa2+ 47. Qb2 Qxb2+ 48. Kxb2 b5 49. Bf4 Ne4 50. h5 Nf6 51. h6 Nh7 52. Kc3 Kd7 53. Kd3 Nf6 54. Bg5 Ke6 55. Be3 Kf7 56. Bxc5 Ng4 57. Be3 bxc4+ 58. bxc4 a5 59. Bf4 Kg6 60. c5 Nf6 61. c6 Nd5 62. Kc4 Ne7 63. c7 a4 64. Bd2 Kh7 65. Bg5 Nc8 66. Kb4 Nb6 67. Kb5 1-0

[Event "Oberliga Ost-A 2324"]
[Site "Germany"]
[Date "2024.03.16"]
[Round "8.2"]
[White "Langheinrich, Ferenc"]
[Black "Englert, Luca"]
[Result "1-0"]
[WhiteElo "2338"]
[BlackElo "2123"]
[PlyCount "99"]
[EventDate "2023.10.22"]
[EventType "team-tourn"]
[EventRounds "11"]
[EventCountry "GER"]
[SourceTitle "EXT 2025"]
[Source "ChessBase"]
[SourceDate "2024.10.14"]
[SourceVersion "1"]
[SourceVersionDate "2024.10.14"]
[SourceQuality "1"]
[WhiteTeam "Erfurt Empor"]
[BlackTeam "Leipzig VfB"]
[WhiteTeamCountry "GER"]
[BlackTeamCountry "GER"]

1. d4 d5 2. Nf3 Nf6 3. e3 e6 4. Bd3 c5 5. c3 Nc6 6. 0-0 Bd6 7. Nbd2 e5 8. e4 cxd4 9. cxd4 0-0 10. exd5 Nxd4 11. Nxd4 exd4 12. Nf3 Bg4 13. h3 Bh5 14. Be2 Re8 15. Bb5 Re5 16. Qb3 Rxd5 17. Bc4 Rc5 18. Nxd4 Bb8 19. Ne2 Qc8 20. Bd3 Bd6 21. Be3 Rc7 22. Nc3 a6 23. Nd5 Rc6 24. Nb6 Rxb6 25. Bxb6 Qd7 26. Rfe1 Nd5 27. Be4 Nf4 28. Be3 Rb8 29. Bxf4 Bxf4 30. Qd5 Qxd5 31. Bxd5 Kf8 32. Be4 Bd2 33. Reb1 Be2 34. Bd3 Bh5 35. g4 Rd8 36. Bxh7 Bxg4 37. hxg4 g6 38. Rd1 Kg7 39. Bxg6 Kxg6 40. Kf1 Rh8 41. Ke2 Bf4 42. Rd7 b5 43. Kf3 Be5 44. Rc1 Rh3+ 45. Ke4 Bxb2 46. Rc6+ Kg5 47. Rxf7 Ra3 48. f4+ Kxg4 49. Rg6+ Kh5 50. Kf5 1-0

[Event "Oberliga Ost-A 2324"]
[Site "Germany"]
[Date "2024.01.14"]
[Round "5.2"]
[White "Englert, Luca"]
[Black "Lippert, Daniel"]
[Result "1/2-1/2"]
[WhiteElo "2175"]
[BlackElo "2034"]
[PlyCount "107"]
[EventDate "2023.10.22"]
[EventType "team-tourn"]
[EventRounds "11"]
[EventCountry "GER"]
[SourceTitle "EXT 2025"]
[Source "ChessBase"]
[SourceDate "2024.10.14"]
[SourceVersion "1"]
[SourceVersionDate "2024.10.14"]
[SourceQuality "1"]
[WhiteTeam "Leipzig VfB"]
[BlackTeam "Magdeburg Aufbau Elbe II"]
[WhiteTeamCountry "GER"]
[BlackTeamCountry "GER"]

1. e4 c5 2. Nf3 Nc6 3. d4 cxd4 4. Nxd4 Nf6 5. Nc3 d6 6. Bg5 e6 7. f4 h6 8. Bh4 Be7 9. Nxc6 bxc6 10. Bd3 Nxe4 11. Bxe7 Nxc3 12. Qf3 Kxe7 13. Qxc6 Qb6 14. Qxb6 axb6 15. bxc3 Ra4 16. Rb1 Rxa2 17. 0-0 Ba6 18. Rxb6 Bxd3 19. cxd3 Rc2 20. f5 exf5 21. Re1+ Kf6 22. Rxd6+ Kg5 23. Re7 Ra8 24. h4+ Kxh4 25. Rd4+ Kh5 26. Rxf7 g5 27. Rxf5 Raa2 28. Kh2 Rxg2+ 29. Kh3 Rh2+ 30. Kg3 Rag2+ 31. Kf3 Re2 32. Rc5 Rhf2+ 33. Kg3 Rg2+ 34. Kf3 Rgf2+ 35. Kg3 Rf6 36. Re4 Rd2 37. d4 Rd3+ 38. Kg2 Ra6 39. Re2 Kg4 40. Re4+ Kh5 41. Kf2 Rf6+ 42. Ke2 Rff3 43. d5 g4 44. d6+ Kh4 45. Rcc4 Kh3 46. Rcd4 Rxd4 47. Rxd4 Rf8 48. d7 Rd8 49. c4 Kh2 50. c5 g3 51. Rh4+ Kg1 52. c6 g2 53. Rxh6 Rxd7 54. cxd7 1/2-1/2